| 000 | 00515nam a2200217Ia 4500 | ||
|---|---|---|---|
| 003 | OSt | ||
| 005 | 20230505140007.0 | ||
| 008 | 210423s2003 xx 000 0 und d | ||
| 020 | _a70473994 | ||
| 040 | _cAL | ||
| 041 | _aeng | ||
| 082 | _a581.2 MEHR | ||
| 100 |
_aMEHROTRA (R S);AGGARWAL (Ashok). _998734 |
||
| 245 | _aPlant pathology. | ||
| 250 | _a2 | ||
| 260 |
_aNew Delhi _bTata McGrawhill _c2003 |
||
| 300 |
_axxii,846 _bPB |
||
| 365 |
_b375 _cINR |
||
| 906 | _apathology. ; Plant | ||
| 942 |
_2ddc _cBK |
||
| 999 |
_c163363 _d163363 |
||